Socialist register 2005. El Imperio recargado /

Guardado en:
Bibliografiske detaljer
Hovedforfatter: Panitch, Leo
Andre forfattere: ed. Leys, Colin ed
Format: Texto
Udgivet: Buenos Aires: CLACSO
Fag:
Tags: Tilføj Tag
Ingen Tags, Vær først til at tagge denne postø!

MARC

LEADER 00000 a a2200000 04500
001 32474
003
040
020 |a 987-1183-30-5  
090 |a 202504  
100 |a Panitch, Leo  
245 |a Socialist register 2005. El Imperio recargado /  |c Leo Panitch  
260 |a Buenos Aires:   |b CLACSO  
300 |a 362 p.  
650 |a IMPERIALISMO  
650 |a COMPETITIVIDAD  
650 |a LUCHA DE CLASES  
650 |a AMERICA LATINA  
700 |a ed.   |a Leys, Colin   |a ed.  
999 |c 1737  |d 1737